| 000 | 00412nam a2200145Ia 4500 | ||
|---|---|---|---|
| 008 | 210210b2006 xxu||||| |||| 00| 0 eng d | ||
| 020 | _a81 219 1153 2 | ||
| 082 | _a428.4 TICR | ||
| 100 | _aTICKOO (M L) and GUNASHEKAR (Paul). | ||
| 245 | _aReading for meaning: a course in reading skills. | ||
| 260 |
_aNew Delhi _bS. Chand & Co. Ltd. _c2006 |
||
| 300 | _avi,164 | ||
| 690 | _aEnglish Usage | ||
| 906 | _a061014 | ||
| 999 |
_c107948 _d107948 |
||